Chain conjectures in ring theory: an exposition on catenary chains
Guardat en:
| Autor principal: | |
|---|---|
| Format: | Llibre |
| Idioma: | anglès |
| Publicat: |
Berlín
Springer-Verlag
1978
|
| Col·lecció: | Lecture Notes in Mathematics, 647
|
| Matèries: | |
| Etiquetes: |
Afegir etiqueta
Sense etiquetes, Sigues el primer a etiquetar aquest registre!
|
MARC
| LEADER | 00000nam a2200000 a 4500 | ||
|---|---|---|---|
| 001 | UCQ9481 | ||
| 003 | CL-VaPUC | ||
| 008 | 990112e19780000GW |||||||||||||||||eng|d | ||
| 082 | 0 | 4 | |a 512.4 |b RAT |2 21 |
| 100 | 0 | |a Ratliff, Louis J |e author |9 424054 | |
| 245 | 1 | 0 | |a Chain conjectures in ring theory: an exposition on catenary chains |
| 300 | |a 130 p | ||
| 942 | |c BK | ||
| 945 | |d 19990112 00:00:00 |a crobeson | ||
| 260 | |a Berlín |b Springer-Verlag |c 1978 | ||
| 650 | 0 | |a Teoría de anillos |9 342207 | |
| 650 | 0 | |a Anillos conmutativos |9 423036 | |
| 650 | 0 | |a Anillos locales |9 424055 | |
| 583 | |a last modification |c 19990112 00:00:00 |k Rodrigo Vera | ||
| 490 | 0 | |a Lecture Notes in Mathematics, 647 | |
| 999 | |c 278482 |d 278480 | ||
| 952 | |0 0 |1 0 |4 0 |6 512_400000000000000_RAT_1978 |7 0 |8 A |9 317065 |a BIBMAT |b BIBMAT |d 2019-11-20 |i 1315145 |o 512.4 RAT 1978 |p 1315145 |r 2025-01-07 |w 2019-11-20 |y BK |k MAT | ||